| 000 | 00854nam a2200205 a 4500 | ||
|---|---|---|---|
| 001 | 000348435 | ||
| 003 | AM-YeHGA | ||
| 005 | 20260310122103.0 | ||
| 008 | 040702s1979 ||||||||||||||||||||rus d | ||
| 040 | _aAM-YeHGA | ||
| 041 | 0 | _arus | |
| 245 | 0 | 0 |
_aЕвропа в международных отношениях, 1917-1939 / _cАН СССР, Ин-т всеобщей истории ; Редкол.: А.О. Чубарьян (отв. ред.) и др. |
| 260 |
_aМосква : _bНаука, _c1979. |
||
| 300 | _a438 с. | ||
| 653 | 0 | _aМеждународные отношения в Европе - История, 1917-1939 гг. | |
| 700 | 1 |
_aՉուբարյան, Ալեքսանդր Օհանի, _d1931- _eред. _4edt _93995 |
|
| 710 | 2 | _aИнститут всеобщей истории АН СССР | |
| 942 |
_2udc _cBK _02 |
||
| 090 | _c390237 | ||
| 999 |
_c388244 _d388244 |
||